000 00587nam a22001937a 4500
003 0
005 20250103110911.0
008 250103b xxu||||| |||| 00| 0 eng d
020 _a9781984689214
050 _aQC 21
_b.P35 2024
100 _aPalma, Jose
_eauthor.
245 _aCore concepts in physics :
_bclassical mechanics /
_cJose Palma.
250 _a2nd ed.
260 _aNew York, NY :
_b3G E-Learning LLC,
_c2024.
300 _aix, 261 p. :
_bcol. ill. ;
_c26 cm.
504 _aIncludes bibliographical references and index.
650 _aPhysics
_vtextbooks.
942 _2lcc
_cBK
999 _c366858
_d366858